000 00768cab a2200217 4500
001 WB3237-27
008 090401t1996 xxu||||| |||| 00| 0 eng d
035 _a(Sirsi) u13699
041 _aeng
245 _aHi-tech speed at land Registry
260 _c1996
350 _a0
490 _aWestern Morning News
_v28 September 1996, 14(1)
520 _aConveyancers and solicitors can have the answer to property searches from the Land Registry and local authorities in five minutes providing they have the right technology.
650 _aMANAGEMENT-BUSINESS MANAGEMENT-INFORMATION MANAGEMENT
650 _aHM LAND REGISTRY
650 _aPROPERTY SEARCHES
690 _aMANAGEMENT-BUSINESS MANAGEMENT-INFORMATION MANAGEMENT
942 _n0
948 _c04/03/1997
999 _c8819
_d8819